00402nam a2200133 a 450000100080000000500110000800800410001910000110006024501180007126000370018930000100022665300150023665300170025110863692012-08-09 2005 bl uuuu u0uu1 u #d1 aEpagri aRelat??rio Par??metros de Microbiologia do solobmicrobacia hidrogr??fica C??rrego Tarumanzinho, ??guas Frias-SC. aFlorian??polis, SC: Epagric2005 a24 p. aMicrobacia aTarumanzinho